000 00724cam a2200205 4500
001 WB3626-29
008 000000n2000 000 0 eng u
035 _a(Sirsi) u106964
245 _aInstitution breaks regeneration mould
260 _c2000
490 _aProperty Week
_v 30 June 2000, 7(1)
520 _aLegal & General is the first institution to invest in English Partnerships English Cities Fund. £18.75m will be invested into the first phase which will see £100m targeted on fringe areas of English cities.
590 _aWB
650 _aENGLISH PARTNERSHIPS
650 _aURBAN REGENERATION
650 _aLEGAL & GENERAL
650 _aINSTITUTIONAL INVESTMENT
690 _aREGENERATION
942 _n0
999 _c63964
_d63964